25 năm đầu tư nước ngoài : Nhìn lại và tương lai = 25 years of foreign investment : Review and outlook

Đánh giá, tổng kết bài học kinh nghiệm của quá trình một phần tư thế kỉ (1987-2012) thực hiện chính sách thu hút đầu tư nước ngoài (ĐTNN) của Việt Nam. Đưa ra định hướng thu hút, các cơ hội và một số điển hình thành công trong hoạt động ĐT...

Full description

Saved in:
Bibliographic Details
Corporate Author: Vietnam Invesment Review (VIR)
Format: Book
Language:Undetermined
Published: Hà Nội [Hà Nội 2012
Subjects:
Tags: Add Tag
No Tags, Be the first to tag this record!
Institutions: Trung tâm Học liệu Trường Đại học Cần Thơ
LEADER 01081nam a2200205Ia 4500
001 CTU_178710
008 210402s9999 xx 000 0 und d
082 |a 332.673072 
082 |b V666 
110 |a Vietnam Invesment Review (VIR) 
245 0 |a 25 năm đầu tư nước ngoài : 
245 0 |b Nhìn lại và tương lai = 25 years of foreign investment : Review and outlook 
245 0 |c Vietnam Invesment Review (VIR) 
260 |a Hà Nội 
260 |b [Hà Nội 
260 |c 2012 
520 |a Đánh giá, tổng kết bài học kinh nghiệm của quá trình một phần tư thế kỉ (1987-2012) thực hiện chính sách thu hút đầu tư nước ngoài (ĐTNN) của Việt Nam. Đưa ra định hướng thu hút, các cơ hội và một số điển hình thành công trong hoạt động ĐTNN tại Việt Nam. 
650 |a Investments, foreign,Đầu tư, nước ngoài 
904 |i Trọng Hiếu 
980 |a Trung tâm Học liệu Trường Đại học Cần Thơ